[Event "Sondex Cup IM Gp2 2013"]
[Site "Kolding DEN"]
[Date "2013.04.12"]
[Round "1.3"]
[White "Bromann,T"]
[Black "Bank,P"]
[Result "1/2-1/2"]
[WhiteElo "2369"]
[BlackElo "2249"]

1.e4 c5 2.Nf3 d6 3.Bb5+ Nd7 4.d4 Nf6 5.Nc3 cxd4 6.Qxd4 e5 7.Qd3 h6 8.Nd2 Be7
9.Nc4 O-O 10.Bxd7 Qxd7 11.Ne3 Qd8 12.O-O Be6 13.Rd1 Rc8 14.b3 Qa5 15.Bd2 Qc5
16.Be1 Rfd8 17.a4 Rd7 18.Rac1 Ng4 19.Ncd5 Nxe3 20.Nxe3 Bg5 21.c4 Bxe3 22.fxe3 a6
23.a5 Kh8 24.h3 Rf8 25.Kh2 f6 26.Qe2 Qc6 27.Qf3 b5 28.axb6 Qxb6 29.Rd3 Qc6
30.Rcd1 Rb8 31.g4 Bg8 32.Rb1 Bh7 33.Rd5 Bg8 34.Rd3 Bh7 35.Rd5 Bg8  1/2-1/2

[Event "Open Golden Island Krk"]
[Site "Malinska CRO"]
[Date "2013.04.12"]
[Round "9.4"]
[White "Jelica,M"]
[Black "Djurovic,G"]
[Result "0-1"]
[WhiteElo "2224"]
[BlackElo "2391"]

1.e4 c5 2.Nf3 d6 3.Bb5+ Nd7 4.O-O a6 5.Bd3 Qc7 6.c4 Ngf6 7.Nc3 e6 8.Be2 b6
9.d4 cxd4 10.Qxd4 Bb7 11.b4 Be7 12.Be3 O-O 13.Nd2 Rab8 14.f4 Ba8 15.Kh1 Rfc8
16.Rac1 e5 17.Qd3 exf4 18.Bxf4 Ne5 19.Qg3 Nfd7 20.Nd5 Bxd5 21.exd5 Bf8 22.Ne4 g6
23.Qh3 Bg7 24.Bh6 f5 25.Bxg7 Kxg7 26.Ng5 Nf8 27.Qg3 h6 28.Nf3 Nxf3 29.Rxf3 Kh7
30.Bd3 Qe7 31.Rcf1 Re8 32.h3 Rb7 33.h4 Qe5 34.h5 Qxg3 35.Rxg3 g5 36.Bxf5+ Kg7
37.a3 Rf7 38.Rgf3 Re5 39.g4 b5 40.cxb5 axb5 41.Rd1 Rc7 42.Kg2 Re2+ 43.Rf2 Re5
44.Rf3 Re2+ 45.Rf2 Re5  0-1

[Event "TCh-CAT Div Hon 2013"]
[Site "Catalonia ESP"]
[Date "2013.04.13"]
[Round "11.2"]
[White "Munoz Pantoja,M"]
[Black "Cuadras Avellana,Jo"]
[Result "1-0"]
[WhiteElo "2479"]
[BlackElo "2325"]

1.e4 c5 2.Nf3 d6 3.Bb5+ Bd7 4.Bxd7+ Qxd7 5.O-O Nc6 6.c4 g6 7.d4 cxd4 8.Nxd4 Bg7
9.Be3 Nf6 10.f3 O-O 11.Nc3 Rac8 12.Nde2 a6 13.Qd2 Qd8 14.Rfd1 Qa5 15.Rac1 b5
16.cxb5 axb5 17.b3 b4 18.Na4 Nd7 19.Nf4 Bh6 20.Nd5 Bxe3+ 21.Qxe3 Ndb8 22.Qb6 Qa8
23.Nc7 Qa7 24.Qxa7 Nxa7 25.Nb6 Rcd8 26.Nbd5 Nac6 27.Na6 Rd7 28.Naxb4 Nxb4
29.Nxb4 Ra7 30.Rc2 Kg7 31.Rdc1 Rb7 32.Nd5 e6 33.Rc7 Rb5 34.Nf4 Kf6 35.Nd3 Na6
36.R7c6 Nb4 37.Nxb4 Rxb4 38.Rxd6 g5 39.Kf2 g4 40.Ke3 gxf3 41.gxf3 Ra8 42.Rc2 Ra7
43.Rd3 Rb5 44.a4 Rb4 45.Kd2 Rab7 46.Rcc3 Kg5 47.Kc2 Kf4 48.Rc5 f5 49.exf5 exf5
50.Rdc3 R4b6 51.R5c4+ Kg5 52.f4+ Kh4 53.Kb2 h5 54.Ka3 Rd6 55.a5 Rd1 56.Kb2 Rd2+
57.Rc2 Rd3 58.b4 Rd5 59.Ka3 Rd3+ 60.Ka4 Rd1 61.Ra2 Rd5 62.a6 Rb6 63.Kb3 Rd3+
64.Rc3 Rd4 65.Rc4 Rd3+ 66.Kc2 Rf3 67.Ra5 Rg6 68.Kb2 Rf2+ 69.Kb3 Rg1 70.a7  1-0

[Event "ch-POL w 2013"]
[Site "Chorzow POL"]
[Date "2013.04.13"]
[Round "1.4"]
[White "Majdan,J"]
[Black "Przezdziecka,M"]
[Result "1-0"]
[WhiteElo "2383"]
[BlackElo "2286"]

1.e4 c5 2.Nf3 d6 3.Bb5+ Nc6 4.O-O Bd7 5.c3 Nf6 6.Re1 a6 7.Ba4 c4 8.Bc2 Ng4
9.b3 b5 10.bxc4 bxc4 11.Na3 Nge5 12.Nd4 g5 13.Qe2 Rc8 14.Nf5 e6 15.Ne3 Na5
16.Rb1 Bg7 17.Rb4 O-O 18.Qf1 Rc5 19.Rd1 Qc7 20.h4 g4 21.d4 cxd3 22.Bxd3 Rxc3
23.Be2 Qc5 24.Nac2 Rxc2 25.Nxc2 Qxc2 26.Bg5 Qc5 27.Rbb1 g3 28.Be7 gxf2+ 29.Qxf2 Qxf2+
30.Kxf2 Re8 31.Bxd6 Nac4 32.Bc7 Ba4 33.Rdc1 Na3 34.Rb8 Rxb8 35.Bxb8 Bf6 36.Rc8+ Kg7
37.Bd6 Nb1 38.h5 h6 39.Bxa6 Nd2 40.Ke3 Bg5+ 41.Ke2 Ng4 42.Bd3 e5 43.Bb4 Nb3
44.axb3 Bxb3 45.Bc3 Bf4 46.Bc4 Bxc4+ 47.Rxc4 Nf6 48.Rc5 Nxe4 49.Bxe5+ Kh7
50.Rd5 Bg5 51.Rd7 Kg8 52.Kf3 Nd2+ 53.Kg4 Ne4 54.Kf5 Nd2 55.Ra7 Kf8 56.Ra8+ Ke7
57.Rh8 Nc4 58.Bf4 Ne3+ 59.Ke4 Nxg2 60.Bxg5+ hxg5 61.Kf5 Ne3+ 62.Kxg5 f6+
63.Kg6 Ng2 64.h6 Nh4+ 65.Kh5  1-0

[Event "15th Dubai Open 2013"]
[Site "Dubai UAE"]
[Date "2013.04.13"]
[Round "6.4"]
[White "Laznicka,V"]
[Black "Adhiban,Baskaran"]
[Result "1-0"]
[WhiteElo "2674"]
[BlackElo "2555"]

1.e4 c5 2.Nf3 d6 3.Bb5+ Nd7 4.d4 cxd4 5.Qxd4 a6 6.Bxd7+ Bxd7 7.c4 e5 8.Qd3 b5
9.Nfd2 Ne7 10.Nc3 Ng6 11.g3 Be7 12.h4 O-O 13.h5 Nh8 14.cxb5 axb5 15.Nxb5 f5
16.Nc3 Nf7 17.f3 fxe4 18.Ndxe4 Be6 19.Nd5 Ra4 20.Be3 Bg5 21.Ndc3 Rb4 22.O-O-O Bxe3+
23.Qxe3 Qb8 24.Rh2 Rc8 25.Kb1 Qa8 26.Rhd2 Rcb8 27.Ka1 d5 28.Nxd5 Bxd5 29.Rxd5 Rxb2
30.Nc3 h6 31.Rd7 Rc2 32.R7d2 Rxd2 33.Rxd2 Rc8 34.Rb2 Kh8 35.Rb3 Ng5 36.Qxe5 Qxf3
37.a4 Qxh5 38.Rb8 Rxb8 39.Qxb8+ Kh7 40.a5 Qf3 41.Kb2 Qf2+ 42.Kb3 Ne6 43.Qe5 Qf7
44.Kb4 Nc7 45.Qd6 h5 46.Ne4 Kg8 47.Nc5 Nd5+ 48.Kb5 Kh7 49.Ne6 Qb7+ 50.Kc5 Nf6
51.Qd3+ Kg8 52.Qc4 Qc8+ 53.Kb4 Qb7+ 54.Ka4 Qd7+ 55.Ka3 Qd6+ 56.Nc5+ Kf8 57.a6 Nd5
58.a7 Nc7 59.Ka2 Ke7 60.Qh4+ Kf8 61.Qb4 Ke7 62.Qe4+ Kf7 63.Qe3 g6 64.Ne4 Qa6+
65.Kb2 Qb5+  1-0

[Event "15th Dubai Open 2013"]
[Site "Dubai UAE"]
[Date "2013.04.13"]
[Round "6.22"]
[White "Ankit,R"]
[Black "Al Sayed,Mohamad"]
[Result "1-0"]
[WhiteElo "2421"]
[BlackElo "2517"]

1.e4 c5 2.Nf3 d6 3.Bb5+ Nc6 4.O-O Bd7 5.Re1 Nf6 6.c3 a6 7.Bf1 Bg4 8.h3 Bxf3
9.Qxf3 g6 10.d3 Bg7 11.Be3 O-O 12.Nd2 Nd7 13.Qd1 b5 14.Nf3 Qb8 15.d4 Qb7
16.a4 Rfb8 17.axb5 axb5 18.Rxa8 Qxa8 19.Qa1 Qb7 20.Qa2 cxd4 21.cxd4 e5 22.dxe5 Ncxe5
23.Nxe5 Nxe5 24.Bf4 h5 25.Qb1 Re8 26.b3 Kh7 27.Rd1 Ra8 28.Qc2 Rc8 29.Qb1 Ra8
30.Rxd6 Qc7 31.Qd1 Ra1 32.Qd5 Qc3 33.Qxb5 Rb1 34.Rd5 Rxb3 35.Qa5 Qxa5 36.Rxa5 Nd3
37.Be3 Rb1 38.Ra7 Kg8 39.Rc7 Be5 40.Rc2 Kg7 41.Rd2 Nf4 42.g3 Nxh3+ 43.Kg2 g5
44.Bd3 Rg1+ 45.Kxh3 h4 46.Bxg5 hxg3 47.f4 Bd4 48.e5 Bf2 49.Be4  1-0

[Event "15th Dubai Open 2013"]
[Site "Dubai UAE"]
[Date "2013.04.13"]
[Round "7.17"]
[White "Ghaem Maghami,E"]
[Black "Karavade,E"]
[Result "1-0"]
[WhiteElo "2561"]
[BlackElo "2389"]

1.e4 c5 2.Nf3 d6 3.Bb5+ Nd7 4.d4 cxd4 5.Qxd4 a6 6.Bxd7+ Bxd7 7.O-O Rc8 8.c4 e5
9.Qd3 b5 10.Na3 Qb6 11.Be3 Qb7 12.Nd2 Nf6 13.Bg5 Be7 14.Bxf6 gxf6 15.Nc2 Bc6
16.Ne3 bxc4 17.Ndxc4 Bxe4 18.Nxd6+ Bxd6 19.Qxd6 Bxg2 20.Ng4 Qe7 21.Qxe7+ Kxe7
22.Kxg2  1-0

[Event "ch-POL 2013"]
[Site "Chorzow POL"]
[Date "2013.04.14"]
[Round "2.9"]
[White "Hnydiuk,A"]
[Black "Jaracz,P"]
[Result "1/2-1/2"]
[WhiteElo "2400"]
[BlackElo "2548"]

1.e4 c5 2.Nf3 d6 3.Bb5+ Bd7 4.Bxd7+ Nxd7 5.O-O Ngf6 6.Qe2 e6 7.b3 Be7 8.Bb2 O-O
9.c4 e5 10.Ne1 g6 11.Nc3 Nh5 12.Nd5 Ndf6 13.Nxe7+ Qxe7 14.Nd3 Rae8 15.Rae1 Nd7
16.f4 exf4 17.Nxf4 Nxf4 18.Rxf4 Ne5 19.Ref1 f6 20.Qe3 Rf7 21.d4 cxd4 22.Qxd4 b6
23.Rd1 Rd8 24.Rf2 Qe6 25.Rfd2 Rfd7 26.Qf2 Re8 27.h3 Kg7 28.Qf4 h5 29.Rd5 Rc8
30.Qd2 Nf7 31.Rf1 Ne5 32.Rd1 Nf7 33.Rf1 Ne5 34.Rd1  1/2-1/2

[Event "15th Dubai Open 2013"]
[Site "Dubai UAE"]
[Date "2013.04.14"]
[Round "8.23"]
[White "Narayanan,Sri"]
[Black "Carlsson,P"]
[Result "1/2-1/2"]
[WhiteElo "2440"]
[BlackElo "2520"]

1.e4 c5 2.Nf3 d6 3.Bb5+ Bd7 4.Bxd7+ Nxd7 5.O-O Ngf6 6.Re1 e6 7.c3 Be7 8.d4 cxd4
9.cxd4 d5 10.e5 Ne4 11.Nbd2 Nxd2 12.Bxd2 O-O 13.Rc1 Nb6 14.b3 h6 15.Re3 Rc8
16.Ne1 Bg5 17.Rec3 Rxc3 18.Rxc3 Bxd2 19.Qxd2 Nc8 20.Nd3 Ne7 21.Nc5 b6 22.Nb7 Qd7
23.Nd6 Nc8 24.Nxc8 Rxc8 25.Qc2 Rxc3 26.Qxc3 Qb5 27.Qc8+ Kh7 28.Qc2+ Kg8 29.Qc8+ Kh7
30.Qc2+ g6 31.Qd2 Kg7  1/2-1/2

[Event "ch-POL w 2013"]
[Site "Chorzow POL"]
[Date "2013.04.15"]
[Round "3.5"]
[White "Szczepkowska Horowska,K"]
[Black "Przezdziecka,M"]
[Result "0-1"]
[WhiteElo "2360"]
[BlackElo "2286"]

1.e4 c5 2.Nf3 d6 3.Bb5+ Bd7 4.Bxd7+ Qxd7 5.O-O Nf6 6.Re1 Nc6 7.c4 g6 8.Nc3 Bg7
9.d3 O-O 10.h3 Rab8 11.Be3 a6 12.d4 cxd4 13.Nxd4 Rfd8 14.Rc1 e6 15.b3 Qe7
16.Qd2 Nxd4 17.Bxd4 b5 18.cxb5 axb5 19.Qd3 Qb7 20.a4 e5 21.Be3 d5 22.Bg5 dxe4
23.Qxb5 Qa8 24.Qe2 e3 25.fxe3 Rxb3 26.Rf1 Rc8 27.Bxf6 Rbxc3 28.Rxc3 Rxc3
29.Bxg7 Kxg7 30.Qf2 f5 31.Qd2 Qc6 32.Rf2 Qc5 33.e4 fxe4 34.Kh2 Rd3 35.Qb2 Kh6
36.Qe2 e3 37.Rf3 e4 38.Rg3 Qe5 39.h4 Qf4 40.Kh3 Qf5+ 41.Kh2 Qe5 42.Kh3 Qf4
43.Kh2 Qf5 44.h5 g5 45.a5 Qxa5 46.Qf1 Qe5 47.Qf8+ Kxh5 48.Qf7+ Kh6 49.Qf8+ Kg6
50.Qg8+ Kf6 51.Qf8+ Ke6 52.Qe8+ Kd6 53.Qb8+ Kd5 54.Qb5+ Kd6 55.Qb8+ Ke6 56.Qe8+ Kf5
57.Qf8+ Qf6 58.Qc5+ Kg6 59.Qc4 Kg7 60.Qc7+ Kf8 61.Qc8+ Kg7 62.Qb7+ Kf8 63.Qc8+ Ke7
64.Qb7+ Kd6 65.Qb6+ Ke5 66.Qc7+ Qd6 67.Qg7+ Kd5 68.Qb7+ Kc5 69.Qa7+ Kc4 70.Qa4+ Kc3
71.Qa1+ Kb3 72.Qb1+ Kc4 73.Qc2+ Kb5 74.Qb1+ Kc6 75.Qc2+ Kb6 76.Qb2+ Kc7 77.Qc2+ Kd8
78.Qe2 h6 79.Kh3 Qe6+ 80.Kh2 Qe5 81.Kh3 Qf5+ 82.Kh2 Qf4 83.Qa2 Qh4+ 84.Rh3 Qf4+
85.Rg3 e2 86.Qa8+ Kd7 87.Qb7+ Ke6 88.Qc6+ Kf7 89.Qb7+ Kf6 90.Qb6+ Rd6 91.Qb2+ Kg6  0-1

[Event "ch-SRB 2013"]
[Site "Vrnjacka Banja SRB"]
[Date "2013.04.15"]
[Round "1.5"]
[White "Perunovic,Mio"]
[Black "Kovacevic,A"]
[Result "0-1"]
[WhiteElo "2434"]
[BlackElo "2571"]

1.e4 c5 2.Nf3 d6 3.Bb5+ Nd7 4.d4 cxd4 5.Qxd4 a6 6.Bxd7+ Bxd7 7.c4 e5 8.Qd3 b5
9.Na3 Qb6 10.O-O Be7 11.Bg5 Bxg5 12.Nxg5 Nf6 13.Rad1 Ke7 14.cxb5 h6 15.Nc4 Qc5
16.Nxf7 Kxf7 17.Nxd6+ Kg6 18.Rc1 Qb6 19.Nc4 Qxb5 20.Qg3+ Kh7 21.Nxe5 Be8
22.Rc7 Rg8 23.Qf4 Rf8 24.Qf5+ Kh8 25.Ng6+ Bxg6 26.Qxg6 Rg8 27.b3 Qe2 28.Rf7 Raf8
29.f3 Rxf7 30.Qxf7 Rc8 31.h4 Rc2 32.Qg6 Nh5 33.f4 Qe3+  0-1

[Event "FSIM April 2013"]
[Site "Budapest HUN"]
[Date "2013.04.16"]
[Round "11.1"]
[White "Lyell,M"]
[Black "Jayakumar,A"]
[Result "1/2-1/2"]
[WhiteElo "2245"]
[BlackElo "2294"]

1.e4 c5 2.Nf3 d6 3.Bb5+ Nd7 4.d4 cxd4 5.Qxd4 a6 6.Bxd7+ Bxd7 7.c4 Rc8 8.Nc3 Qc7
9.b3 e5 10.Qd3 b5 11.Nd2 Nf6 12.Bb2 Qb7 13.O-O Be7 14.Rfd1 O-O 15.f3 Bc6
16.g4 bxc4 17.Nxc4 Rcd8 18.Nd5 Bxd5 19.exd5 Rfe8 20.Bc3 Nd7 21.Na5 Qb6+ 22.Kg2 Rc8
23.Nc6 Bf8  1/2-1/2

[Event "ch-SRB 2013"]
[Site "Vrnjacka Banja SRB"]
[Date "2013.04.16"]
[Round "2.1"]
[White "Kovacevic,A"]
[Black "Ratkovic,Milov"]
[Result "1-0"]
[WhiteElo "2571"]
[BlackElo "2296"]

1.e4 c5 2.Nf3 d6 3.Bb5+ Bd7 4.Bxd7+ Nxd7 5.O-O Ngf6 6.Qe2 e6 7.b3 Be7 8.Bb2 O-O
9.d4 cxd4 10.Nxd4 Nc5 11.Nd2 d5 12.exd5 Qxd5 13.Rfe1 Rad8 14.Rad1 Qh5 15.N4f3 Nd5
16.Nc4 Nf4 17.Qe3 Qg4 18.g3 Nd5 19.Qe2 Nf4 20.Qe3 Nd5 21.Qd4 Qxd4 22.Nxd4 a6
23.a3 Bf6 24.Ne5 Nc7 25.Ng4 Be7 26.c4 h5 27.Ne5 Bf6 28.b4 Nd7 29.Ndf3 Nxe5
30.Bxe5 Bxe5 31.Nxe5 f6 32.Nd7 Rfe8 33.f4 Kf7 34.Nc5 b6 35.Nb7 Rxd1 36.Rxd1 Ke7
37.c5 bxc5 38.Nxc5 Rd8 39.Rc1 Nb5 40.a4 Nd4 41.Kf2 Rd6 42.Rc4 e5 43.fxe5 fxe5
44.Ke3 Ne6 45.Nd3 Kf6 46.Rc1 Nd4 47.Ke4 Nc6 48.Rc4 Ne7 49.b5 axb5 50.axb5 Rb6
51.Rc5 Nf5 52.Rc6+ Nd6+ 53.Kd5 Rxc6 54.bxc6 e4 55.Nc5 Nc8 56.Nxe4+ Ke7 57.h4 Nb6+
58.Ke5 g6 59.c7 Kd7 60.Kf6 Kxc7 61.Kxg6 Kd7 62.Kf7 Nc4 63.Nf6+ Kd6 64.Nxh5 Ke5
65.Nf6 Kf5 66.g4+ Kf4 67.h5 Kg5 68.Kg7 Ne5 69.h6 Nf7 70.h7 Nh8 71.Kxh8  1-0

[Event "ch-ESP University 2013"]
[Site "Badajoz ESP"]
[Date "2013.04.17"]
[Round "2.10"]
[White "Castejon Caballero,A"]
[Black "Sanchez Saez,F"]
[Result "1/2-1/2"]
[WhiteElo "2121"]
[BlackElo "2273"]

1.e4 c5 2.Nf3 d6 3.Bb5+ Bd7 4.Bxd7+ Qxd7 5.c4 e5 6.O-O Nc6 7.Nc3 h6 8.a3 g6
9.Nd5 Nce7 10.b4 Nxd5 11.exd5 b6 12.Qe2 Bg7 13.d4 cxd4 14.Nxd4 Ne7 15.Nb3 O-O
16.Bb2 g5 17.Rfd1 Ng6 18.c5 Nf4 19.Qc2 bxc5 20.bxc5 Rab8 21.c6 Qg4 22.f3 Qxg2+
23.Qxg2 Nxg2 24.Kxg2 Rxb3 25.Rab1 Rc8 26.Rdc1 f5 27.Bc3 Rxb1 28.Rxb1 e4 29.Bxg7 exf3+
30.Kxf3 Kxg7 31.Re1 Kf7 32.Re6 Rxc6 33.Rxh6 Ra6 34.a4 Rxa4 35.Rxd6 Ke7 36.Re6+ Kd7
37.Rf6 Rf4+ 38.Kg3 a5 39.Ra6 a4 40.h3 Rd4 41.Kg2 Kc7 42.d6+ Kb7 43.Ra5 Rd2+
44.Kg1 f4 45.Rxa4 Rxd6 46.h4 Rd1+ 47.Kf2 Rd2+ 48.Kf1 gxh4 49.Rxf4 h3 50.Kg1 Kc6
51.Re4 Kd5 52.Re8 Rg2+ 53.Kh1 Rg6 54.Kh2 Rh6 55.Re3 Kd4  1/2-1/2

[Event "Russian Juniors 2013"]
[Site "Loo RUS"]
[Date "2013.04.17"]
[Round "2"]
[White "Stukopin,A"]
[Black "Gordievsky,D"]
[Result "1/2-1/2"]
[WhiteElo "2500"]
[BlackElo "2443"]

1.e4 c5 2.Nf3 d6 3.Bb5+ Nc6 4.O-O Bd7 5.Re1 Nf6 6.h3 g6 7.c3 Ne5 8.Bxd7+ Nfxd7
9.Nxe5 dxe5 10.d4 exd4 11.cxd4 Bg7 12.d5 O-O 13.Qe2 Qc7 14.Nc3 c4 15.f4 b5
16.e5 Qb7 17.Rd1 Nc5 18.Be3 Nd3 19.b3 f6 20.Nxb5 Qxb5 21.bxc4 Qxc4 22.Qxd3 Qxd3
23.Rxd3 fxe5 24.fxe5 Bxe5 25.Rb1 Bd6 26.Bh6 Rab8 27.Rxb8 Rxb8 28.Rf3 Be5
29.g4 Bg7 30.Bxg7 Kxg7 31.Ra3 Rb7 32.Ra6 Rd7 33.Kg2 Rxd5 34.Rxa7 Kf6 35.a4 Rd2+
36.Kg3 Rd3+ 37.Kg2 Rd2+ 38.Kg3 Rd3+ 39.Kg2 Rd2+ 40.Kg3 Rd3+ 41.Kg2  1/2-1/2

[Event "Russian Juniors 2013"]
[Site "Loo RUS"]
[Date "2013.04.17"]
[Round "2"]
[White "Chigaev,M"]
[Black "Artemiev,V"]
[Result "0-1"]
[WhiteElo "2454"]
[BlackElo "2499"]

1.e4 c5 2.Nf3 d6 3.Bb5+ Nd7 4.c3 Nf6 5.Qe2 a6 6.Ba4 b5 7.Bc2 c4 8.b3 Qc7
9.bxc4 bxc4 10.Na3 Nb6 11.e5 dxe5 12.Nxe5 Be6 13.Rb1 Nfd7 14.Nxd7 Bxd7 15.O-O e6
16.Qg4 Bc5 17.Qxg7 O-O-O 18.Qg3 Bc6 19.d4 cxd3 20.Bxd3 Qb7 21.Qe5 Rhg8 22.g3 Rd5
23.Rxb6 Bxb6 24.Qe2 Rxd3 25.Qxd3 Bh1 26.Qc4+ Kb8 27.Bf4+ Ka8  0-1

[Event "ch-CHN w 2013"]
[Site "Xinghua CHN"]
[Date "2013.04.17"]
[Round "2.6"]
[White "Zhang Xiaowen"]
[Black "Ding Yixin"]
[Result "0-1"]
[WhiteElo "2367"]
[BlackElo "2427"]

1.e4 c5 2.Nf3 d6 3.Bb5+ Bd7 4.Bxd7+ Qxd7 5.O-O Nc6 6.c3 Nf6 7.d4 Nxe4 8.d5 Ne5
9.Re1 Nxf3+ 10.Qxf3 Nf6 11.c4 e5 12.dxe6 fxe6 13.Nc3 Be7 14.Bg5 O-O 15.Qh3 h6
16.Bh4 Kf7 17.f4 Rg8 18.Nd5 g5 19.fxg5 hxg5 20.Rf1 gxh4 21.Nxf6 Bxf6 22.Qxh4 Qe7
23.Rf3 Rh8 24.Qe4 Rh6 25.Raf1 Rg8 26.Kh1 Ke8 27.Rb3 Be5 28.h3 Rg7 29.a4 Qh4
30.Qe2 Rg3  0-1

[Event "ch-CHN w 2013"]
[Site "Xinghua CHN"]
[Date "2013.04.17"]
[Round "2.1"]
[White "Kuang Yinghui"]
[Black "Zhai Mo"]
[Result "1/2-1/2"]
[WhiteElo "2212"]
[BlackElo "2259"]

1.e4 c5 2.Nf3 d6 3.Bb5+ Nc6 4.O-O Bd7 5.c3 Nf6 6.Re1 a6 7.Ba4 b5 8.Bc2 e5
9.h3 Be7 10.d4 O-O 11.d5 Na5 12.Nxe5 dxe5 13.d6 h6 14.dxe7 Qxe7 15.Nd2 Rfd8
16.Qf3 c4 17.Nf1 Nb7 18.b4 cxb3 19.axb3 Rdc8 20.Ba3 Qe6 21.Ng3 Qc6 22.Bb2 Nd6
23.c4 Re8 24.Bd3 bxc4 25.bxc4 a5 26.Rec1 a4 27.c5 Nb5 28.Bc4 a3 29.Bxa3 Nxa3
30.Rxa3 Rxa3 31.Qxa3 Nxe4 32.Qa2 Be6 33.Nxe4 Qxe4 34.Bxe6 Rxe6 35.c6 Re8
36.c7 Qb7 37.Qc4 Rc8 38.f3 Qb6+ 39.Kh1 Qd6 40.Qc2 Kf8 41.Qc3 Ke7 42.Qc2 g6
43.Qc4 h5 44.Qc2 Ke8 45.Qa4+ Ke7 46.Qc2 Ke8  1/2-1/2

[Event "62nd ch-BUL 2013"]
[Site "Bankya BUL"]
[Date "2013.04.19"]
[Round "3.5"]
[White "Bednikova,S"]
[Black "Videnova,I"]
[Result "0-1"]
[WhiteElo "2058"]
[BlackElo "2329"]

1.e4 c5 2.Nf3 d6 3.Bb5+ Nd7 4.O-O Nf6 5.Re1 a6 6.Bf1 Ne5 7.h3 Nxf3+ 8.Qxf3 e5
9.c3 Be7 10.d4 cxd4 11.cxd4 exd4 12.Qd3 Qb6 13.Nd2 Nd7 14.Nc4 Qc5 15.b4 Qc7
16.Bb2 b5 17.Na5 Ne5 18.Qg3 Bf6 19.Bxd4 O-O 20.Rac1 Qe7 21.Kh1 Bd7 22.Qc3 Bg5
23.Be3 Rfc8 24.Qd2 Bxe3 25.Qxe3 g5 26.f4 gxf4 27.Qxf4 Ng6 28.Rxc8+ Rxc8 29.Qd2 Qe5
30.Rd1 Be6 31.Nb7 Qf4 32.Qd4 Qe5 33.Qd2 Qf4 34.Qd4 Bxh3 35.Nxd6 Rc1 36.Ne8 Kf8
37.Rxc1 Qxc1 38.gxh3 Qxf1+ 39.Kh2 Qf4+ 40.Kg1 Kxe8 41.Qd5 Qg3+ 42.Kh1 Qxh3+
43.Kg1 Qe6 44.Qa8+ Ke7  0-1

[Event "ch-POL 2013"]
[Site "Chorzow POL"]
[Date "2013.04.19"]
[Round "7.10"]
[White "Hnydiuk,A"]
[Black "Bulski,K"]
[Result "1/2-1/2"]
[WhiteElo "2400"]
[BlackElo "2549"]

1.e4 c5 2.Nf3 d6 3.Bb5+ Bd7 4.Bxd7+ Qxd7 5.c4 Nf6 6.Nc3 g6 7.d4 cxd4 8.Nxd4 Bg7
9.f3 O-O 10.Be3 Rc8 11.b3 Nc6 12.Qd2 a6 13.a4 Qd8 14.O-O Qa5 15.Nde2 Nd7
16.Rfd1 Rab8 17.Rab1 Qb4 18.Qc1 Qa5 19.Kh1 Nb4 20.Qd2 Qd8 21.Nf4 Nc5 22.Nce2 a5
23.Nc3 b6 24.Nb5 Qd7 25.Nd5 Nxd5 26.exd5 Re8 27.Bd4 Bxd4 28.Qxd4 Rbd8 29.Qf4 Kg7
30.h3 Qf5 31.Qxf5 gxf5 32.Nd4 e6 33.g4 f4 34.dxe6 fxe6 35.Nb5 d5 36.cxd5 Rxd5
37.Rxd5 exd5 38.Rd1 Re3 39.Rxd5 Rxf3 40.Rg5+ Kf6 41.Rf5+ Kg6 42.Kg2 Rg3+
43.Kh2 Rxb3 44.Nc7 Rb2+ 45.Kg1 Nd3 46.Nd5 b5 47.Ne7+ Kg7 48.Rd5 Rd2 49.axb5 Rd1+
50.Kh2 Rd2+ 51.Kg1 f3 52.Nf5+ Kf7 53.Ne3 a4 54.b6 a3 55.b7 a2 56.Rd7+ Ke6
57.Rd6+ Kf7 58.Rd7+ Ke6 59.Rd6+ Kf7  1/2-1/2

[Event "TCh-AUT 2 Mitte 2012-13"]
[Site "Fuerstenfeld AUT"]
[Date "2013.04.19"]
[Round "9.3"]
[White "Singer,C"]
[Black "Pirker,C"]
[Result "1/2-1/2"]
[WhiteElo "2325"]
[BlackElo "2180"]

1.e4 c5 2.Nf3 d6 3.Bb5+ Nd7 4.d4 Nf6 5.Nc3 cxd4 6.Qxd4 e5 7.Qd3 h6 8.Be3 Be7
9.a4 O-O 10.h3 Qc7 11.O-O Nc5 12.Bxc5 Qxc5 13.Bc4 Be6 14.Bb3 a6 15.Rfe1 Nh5
16.Nd5 Bxd5 17.Qxd5 Qxd5 18.Bxd5 Rab8 19.g3 Rfc8 20.Bb3 Kf8 21.Nd2 Rc6 22.Nc4 g6
23.a5 Bd8 24.Red1 Ke7 25.Rd2 Nf6 26.f3 Rbc8 27.Ra4 Nd7 28.Rb4 Nc5 29.Ba2 Bc7
30.c3 Rf8 31.Kg2  1/2-1/2

[Event "TCh-AUT 2 Mitte 2012-13"]
[Site "Fuerstenfeld AUT"]
[Date "2013.04.19"]
[Round "9.6"]
[White "Ofner,Maximilian"]
[Black "Rieger,R"]
[Result "1/2-1/2"]
[WhiteElo "1897"]
[BlackElo "2124"]

1.e4 c5 2.Nf3 d6 3.Bb5+ Bd7 4.Bxd7+ Qxd7 5.O-O g6 6.c3 Nf6 7.Qe2 Bg7 8.d4 cxd4
9.cxd4 d5 10.Ne5 Qa4 11.Nc3 Qa6 12.Qf3 dxe4 13.Nxe4 Nc6 14.Nxf6+ Bxf6 15.Nxc6 bxc6
16.Bh6 Rd8 17.Rac1 Rd6 18.Rc2 Kd7 19.Qg4+ e6 20.Qf3 Ke7 21.Bf4 Rd5 22.Rfc1 Rc8
23.h3 Bxd4 24.b4 Qb6 25.a4 Qxb4 26.Rc4 Qb6 27.h4 f6 28.Qa3+ c5 29.a5 Qb5
30.R1c2 e5 31.Be3 Kd6 32.Bxd4 Rxd4 33.Rxd4+ exd4 34.Qg3+ Kd7 35.Qf4 Qb1+
36.Rc1 Qf5 37.Qh6 d3 38.Qxh7+ Kd6 39.Qxa7 d2 40.Qb6+ Ke7 41.Rd1 Qe4 42.Kf1 Qd3+
43.Kg1 Qe4 44.Kf1 Qc4+ 45.Kg1 Rd8 46.a6 Rd6 47.Qb7+ Rd7 48.Qf3 Qxa6 49.Qe3+ Kf7
50.Rxd2  1/2-1/2

[Event "ch-CHN 2013"]
[Site "Xinghua CHN"]
[Date "2013.04.19"]
[Round "4.2"]
[White "Ma Qun"]
[Black "Yu Yangyi"]
[Result "1/2-1/2"]
[WhiteElo "2559"]
[BlackElo "2675"]

1.e4 c5 2.Nf3 d6 3.Bb5+ Nd7 4.O-O a6 5.Bxd7+ Bxd7 6.c3 e6 7.d4 Ne7 8.Nbd2 Ng6
9.d5 Be7 10.Re1 O-O 11.Nf1 e5 12.Ng3 Nh4 13.Nxh4 Bxh4 14.Nf5 g6 15.Nxh4 Qxh4
16.Qd2 f5 17.Qh6 Qxh6 18.Bxh6 Rfe8 19.f3 Kf7 20.Kf2 a5 21.h4 a4 22.Rad1 Ra6
23.Rd2 Rb6 24.g3 Bb5 25.Rh1 Rg8 26.Re1 Re8 27.Rh1 Rg8 28.Re1 Re8 29.Rh1 Rg8
30.Re1 Re8 31.Rh1  1/2-1/2

[Event "ch-CHN w 2013"]
[Site "Xinghua CHN"]
[Date "2013.04.19"]
[Round "4.2"]
[White "Lei Tingjie"]
[Black "Zhai Mo"]
[Result "1-0"]
[WhiteElo "2232"]
[BlackElo "2259"]

1.e4 c5 2.Nf3 d6 3.Bb5+ Bd7 4.Bxd7+ Qxd7 5.O-O Nf6 6.Qe2 Nc6 7.Rd1 e5 8.c3 Qg4
9.d3 Be7 10.Nbd2 Nh5 11.Nc4 O-O 12.Ne3 Nf4 13.Qf1 Qe6 14.Nf5 d5 15.g3 Ng6
16.h4 Rfd8 17.Qe2 Rac8 18.Kg2 Nf8 19.Bd2 Rd7 20.Re1 Rcd8 21.Ne3 d4 22.Nd5 b5
23.Rac1 dxc3 24.bxc3 Rb7 25.Be3 Nd7 26.Ng5 Qd6 27.Rb1 f6 28.Nf3 Rdb8 29.h5 Bf8
30.d4 c4 31.Red1 Qe6 32.a4 a6 33.axb5 axb5 34.Ra1 Qg4 35.Qc2 Qxh5 36.Ra6 Rc8
37.dxe5 Ndxe5 38.Nxe5 fxe5 39.Nb6 Re8 40.Nxc4 Rc7 41.Nd6 Rd8 42.Qb3+ Kh8
43.Rxc6  1-0

[Event "Cork Masters 2013"]
[Site "Cork IRL"]
[Date "2013.04.20"]
[Round "2.2"]
[White "Bojkov,D"]
[Black "Murray,D"]
[Result "1-0"]
[WhiteElo "2507"]
[BlackElo "2141"]

1.e4 c5 2.Nf3 d6 3.Bb5+ Bd7 4.Bxd7+ Qxd7 5.c4 e5 6.Nc3 g6 7.a3 Nc6 8.O-O Bg7
9.b4 Nge7 10.Nd5 O-O 11.Rb1 f5 12.d3 Nxd5 13.exd5 Nd4 14.bxc5 dxc5 15.Nxd4 cxd4
16.a4 e4 17.a5 Be5 18.Qb3 Rf7 19.c5 f4 20.f3 e3 21.Bb2 Rd8 22.d6 Qc6 23.Rfc1 Qa6
24.Rc4 b6 25.axb6 axb6 26.Ra4 Qc8 27.Ra7 Rd7 28.Qe6 Bxd6 29.cxd6 Qc2 30.Ra8+ Kg7
31.Bxd4+ Kh6 32.Qh3+ Kg5 33.Qg4+  1-0

[Event "Cork Masters 2013"]
[Site "Cork IRL"]
[Date "2013.04.20"]
[Round "4.1"]
[White "Bojkov,D"]
[Black "Williams,Si1"]
[Result "0-1"]
[WhiteElo "2507"]
[BlackElo "2511"]

1.e4 c5 2.Nf3 d6 3.Bb5+ Nc6 4.O-O Bd7 5.c3 Nf6 6.Re1 a6 7.Ba4 b5 8.Bc2 e5
9.h3 g5 10.d4 cxd4 11.Bxg5 Rg8 12.cxd4 Bxh3 13.gxh3 h6 14.dxe5 Nxe5 15.Nc3 hxg5
16.Nxe5 dxe5 17.Qf3 g4 18.Qf5 gxh3+ 19.Kh1 Ng4 20.Re2 Rg5 21.Qf3 Qf6 22.Qxf6 Nxf6
23.Nd5 Nxd5 24.exd5 Kd7 25.Rg1 Rxg1+ 26.Kxg1 Bc5 27.Bf5+ Kd6 28.Bxh3 Rg8+
29.Kf1 Kxd5 30.Bg2+ Kd6 31.Rd2+ Kc7 32.Rc2 Kb6 33.Bd5 Rf8 34.b4 Bxb4 35.Rc6+ Ka5
36.Rf6 Rd8 37.Bxf7 Bd6 38.Ke2 Kb4 39.Rf3 Bc5 40.Rb3+ Ka4 41.Bg6 Bd4 42.Be4 Rc8
43.f3 Rc1 44.Kd2 Rh1 45.Bd3 Bc5 46.Bc2 Ka5 47.Bd1 Bb4+ 48.Kc1 Rh2 49.Bc2 Bd2+
50.Kb2 Kb6 51.Rd3 Kc5 52.Rd8 Rf2 53.Rc8+ Kb4 54.a3+ Ka5 55.Be4 Be3+ 56.Kb3 Bd4
57.Rc2 Rf1 58.Re2 Rc1 59.Rc2 Rb1+ 60.Ka2 Re1 61.Rc6 Re2+ 62.Rc2 Re1 63.Rc6 b4
64.axb4+ Kxb4 65.Bb1 Re3 66.Be4 Rb3 67.Rd6 Rb2+ 68.Ka1 Kb3 69.Bd5+ Kc2 70.Rc6+ Kd2
71.Be4 a5 72.Rg6 Kc3 73.Rc6+ Kb3 74.Bd5+ Ka3 75.Rc4  0-1

[Event "7th Agzamov Memorial"]
[Site "Tashkent UZB"]
[Date "2013.04.20"]
[Round "7"]
[White "Egin,V"]
[Black "Guseynov,A"]
[Result "1/2-1/2"]
[WhiteElo "2416"]
[BlackElo "2183"]

1.e4 c5 2.Nf3 d6 3.Bb5+ Nc6 4.O-O Bd7 5.Re1 Nf6 6.c3 a6 7.Bf1 Bg4 8.h3 Bh5
9.g4 Bg6 10.d4 cxd4 11.cxd4 e5 12.d5 Nb8 13.Nbd2 Be7 14.Nh4 O-O 15.Nxg6 hxg6
16.a4 a5 17.Nc4 Na6 18.f4 Nd7 19.Bd2 Nac5 20.Qf3 exf4 21.Bxf4 Nb6 22.Nxa5 Bf6
23.Rad1 Bxb2 24.Nb3 Nbxa4 25.Nd4 Qf6 26.Qf2 g5 27.Bg3 Qxf2+ 28.Bxf2 Rfe8
29.Nb5 Rxe4 30.Nxd6 Rxe1 31.Rxe1  1/2-1/2

[Event "Renova FIDE GP Zug"]
[Site "Zug SUI"]
[Date "2013.04.20"]
[Round "3.6"]
[White "Kamsky,G"]
[Black "Topalov,V"]
[Result "1/2-1/2"]
[WhiteElo "2741"]
[BlackElo "2771"]

1.e4 c5 2.Nf3 d6 3.Bb5+ Nd7 4.c3 Nf6 5.Qe2 a6 6.Ba4 b5 7.Bc2 e5 8.O-O Be7
9.d4 cxd4 10.cxd4 O-O 11.Nc3 Bb7 12.a3 Rc8 13.Rd1 exd4 14.Rxd4 Re8 15.Bg5 Qc7
16.Re1 Nf8 17.Qd1 Ne6 18.Rd2 Nxg5 19.Nxg5 Qc5 20.Nf3 Bf8 21.h4 h6 22.Rd4 Qa7
23.Bb3 Rc5 24.Qd2 Qa8 25.Qf4 Qc8 26.Red1 a5 27.Nh2 Rxc3 28.bxc3 Rxe4 29.Rxe4 Bxe4
30.Qd2 d5 31.a4 Bc5 32.Kf1 bxa4 33.Bxa4 Qc7 34.g3 Qc8 35.f3 Bf5 36.g4 Be6
37.Kg2 Bd6 38.Qd4 Qc7 39.Nf1 Be5 40.Qd3 Qxc3 41.Qxc3 Bxc3 42.Ng3 Kf8 43.g5 hxg5
44.hxg5 Ne8 45.Ne2 Bb4 46.Nf4 Nd6 47.Kh1 Nc4 48.Bc6 Bd2 49.Bxd5 Bxf4 50.Bxe6 fxe6
51.Rd4 Bxg5 52.Rxc4 Ke7 53.f4 Bf6 54.Rc5 a4 55.Ra5 a3 56.Rxa3 g5 57.fxg5 Bxg5  1/2-1/2